Tekst piosenki "Smells Like Teen Spirit" - Statystyki

Ogólne statystyki
  • Ten quiz został rozwiązany 36 razy
  • Średni wynik to 28 z 43
Statystyki odpowiedzi
Tekst % Poprawnych
I feel {stupid} and contagious
85%
I feel {stupid} and contagious
85%
I feel {stupid} and contagious
85%
Here we are now, {entertain} us
81%
Here we are now, {entertain} us
81%
Here we are now, {entertain} us
81%
Here we are now, {entertain} us
81%
Here we are now, {entertain} us
81%
Here we are now, {entertain} us
81%
Hello, hello, hello, how {low}
78%
Hello, hello, hello, how {low}
78%
Hello, hello, hello, how {low}
78%
Hello, hello, hello, how {low}
78%
Hello, hello, hello, how {low}
78%
Hello, hello, hello, how {low}
78%
Hello, hello, hello, how {low}
78%
Hello, hello, hello, how {low}
78%
Hello, hello, hello, how {low}
78%
Load up on {guns}, bring your friends
78%
With the lights out, it's less {dangerous}
74%
With the lights out, it's less {dangerous}
74%
With the lights out, it's less {dangerous}
74%
A mulatto, an albino, a {mosquito}, my libido
70%
A mulatto, an albino, a {mosquito}, my libido
70%
A mulatto, an albino, a {mosquito}, my libido
70%
Hello, hello, {hello}
67%
Hello, hello, {hello}
67%
Hello, hello, {hello}
67%
It's fun to {lose} and to pretend
63%
Oh no, I know a {dirty} {word}
63%
Oh well, whatever, {never} {mind}
56%
Our {little} {group} has always been
52%
And always will {until} {the} {end}
48%
She's over-bored and {self-assured}
48%
And I {forget} just why I taste
44%
I found it hard, it's {hard} {to} {find}
44%
Oh yeah, I guess it makes me {smile}
44%
And for this gift I feel {blessed}
41%
I'm {worse} at what I do best
33%
A {denial}, a {denial}, a {denial}, a {denial}
30%
A {denial,} a {denial}, a {denial}, a {denial}, a {denial}
30%
Yeah, {hey}
26%
Yeah, {hey}
26%
Nie znaleziono quizów pasujących do podanych kryteriów
Rozkład punktacji
Procent ludzi z każdym wynikiem
Percentyl według liczby udzielonych odpowiedzi
Twoja historia wyników
Nie rozwiązałeś tego quizu